000 00777nam a22002177a 4500
999 _c9581
_d9581
003 AR-CdUCM
008 190328b ||||| |||| 00| 0 spa d
040 _aMUNICIPALIDAD PROVINCIAL DEL CUSCO
_cBIBLIOTECA MUNICIPAL DEL CUSCO
082 _a614.2 /
_bZ66 / 1933
100 _aZeno, Lelio O.
_925879
245 _aSocialización de la Medicina y su experiencia en Rusia /
260 _aSantiago :
_bSthentor,
_c1933.
300 _a128 páginas ;
_c18 cm.
505 _aContenido: La socialización de la medicina -- La medicina en Rusia -- La enseñanza post graduada -- El ejercicio de profesión.
650 _aMedicina
_93637
650 _aRusia
_9499
650 _aEnseñanza
_91616
700 _aJudine, Sergio (prefacio)
_925880
942 _2ddc
_cLIBROS
945 _aachl